| 000 | 00462cam a2200169ua 4500 | ||
|---|---|---|---|
| 020 |
_a81-203-1565-0 _c75.00 |
||
| 041 |
_aeng _h |
||
| 082 |
_a005.369 _bHAB/10 |
||
| 100 | _aHabraken, Joe . | ||
| 245 |
_a10 Minute guide to Microsoft Outlook 2000 / _cJoe Habraken. _hTextual Documents |
||
| 260 |
_aNew Delhi : _bPrentice Hall of India Pvt Ltd. , _c1999. |
||
| 300 | _a260 ; . | ||
| 365 | _a75.00 | ||
| 504 | _a | ||
| 942 | _cBK | ||
| 999 |
_c11321 _d11321 |
||